000
00249nam a22001097a 4500
082
_a
552 TYR'P
100
_a
TYRRELL, G.N
_9
78015
245
_a
THE PRINCILES OF PETROLOGY
260
_a
LONDON
_b
CHAPMAN AND HALL
_c
1972
300
_a
349P
942
_c
BK
999
_c
583176
_d
583176